| 000 | 00481nam a2200181 a 4500 | ||
|---|---|---|---|
| 001 | 4199 | ||
| 003 | CDMR | ||
| 005 | 20130510122321.0 | ||
| 008 | 130130s2002||||||||||||||||||||||||||||d | ||
| 040 |
_aCDMR _bcat _cCPC LLEIDA |
||
| 245 | 0 | 0 |
_a100 años de periodismo en Aragón _b: humor Libre |
| 260 |
_aZaragoza _c2002 _bPrames |
||
| 300 |
_cInclou CD _e1 CD |
||
| 490 | 0 |
_aAragón-LCD _v20 |
|
| 650 | 0 | 4 |
_93401 _aPremsa _zAragó _xHistòria |
| 650 | 0 | 4 |
_92614 _aHumorisme |
| 942 |
_cMON _2udc |
||
| 999 |
_c4199 _d4199 |
||